Australian Birds by Picture #1 - Statistics

General Stats
  • This quiz has been taken 700 times
  • The average score is 10 of 20
Answer Stats
Picture Answer % Correct
Emu
99%
Laughing Kookaburra
84%
Sulphur-Crested Cockatoo
84%
Australian Magpie
81%
Budgerigar
70%
Galah
59%
Rainbow Lorikeet
59%
Tawny Frogmouth
55%
Australian Brush-turkey
46%
Eastern Rosella
46%
Noisy Miner
44%
Willie Wagtail
42%
{Crested} Pigeon
40%
Magpie-lark
36%
Pied Currawong
36%
Australian King Parrot
34%
Masked Lapwing
33%
Brolga
29%
Splendid Fairy-wren
18%
Golden Whistler
14%
No matching quizzes found
Score Distribution
Percent of People with Each Score
Percentile by Number Answered
Your Score History
You have not taken this quiz